Name Dropping II Quiz Stats

Quiz Updated Aug 15, 2012

Also try: Name Dropping
Challenge
Share
Tweet
Embed
Score 0/30 Timer 08:00
0 Plays Today
Word/Phrase Name % Correct
DE*TIONClara
83.5%
GLO*EATREBeth
80.7%
PREG*Nancy
78.2%
CA*CTSTara
77.9%
BAS*OUNDSeth
76.4%
NAR*PSYCole
74.2%
BE*GAINGina
72.5%
PAR*ENTLiam
68.5%
*URISMOGrant
61%
NO*UREATEBella
58%
COMM*PECTAndres
57.5%
MIDD*MELena
55.9%
HAR*Monica
54.5%
BE*RSteve
53.3%
SAT*TIris
52.6%
Word/Phrase Name % Correct
B*HLuis
50.9%
FOC*GTHAllen
50.1%
PY*SRenee
47.8%
R*LIZEEvita
46%
PROV*ULEEsther
42.1%
VINE*Gary
35.9%
P*RDIUMErica
34%
S*ENFREUDEChad
32.8%
GRANDM*ESAmos
32.1%
ARAB*Leland
27%
R*TElian
23%
S*RICALEmily
15.7%
CHAN*ECesar
13.7%
S*EERLogan
9.5%
*ENIUMRuth
6.1%

You're not logged in!

Compare scores with friends on all Sporcle quizzes.
Sign Up with Email
OR
Log In

You Might Also Like...

Show Comments

Extras

Top Quizzes Today


Score Distribution

Your Account Isn't Verified!

In order to create a playlist on Sporcle, you need to verify the email address you used during registration. Go to your Sporcle Settings to finish the process.

Report this User

Report this user for behavior that violates our Community Guidelines.

Details: